Hành khúc Thổ Nhĩ Kỳ /
Сохранить в:
| Главный автор: | |
|---|---|
| Формат: | Sách giấy |
| Язык: | Vietnamese |
| Опубликовано: |
Hà Nội :
Văn hóa ,
1981
|
| Метки: |
Добавить метку
Нет меток, Требуется 1-ая метка записи!
|
| Thư viện lưu trữ: | Thư viện Trường Đại học Đà Lạt |
|---|
| LEADER | 00563nam a2200253 4500 | ||
|---|---|---|---|
| 001 | DLU020015391 | ||
| 005 | ##8/16/2000 | ||
| 020 | # | # | |a 978- |
| 041 | # | # | |a vie |
| 082 | # | # | |a 781.68 |b MO-V |
| 090 | # | # | |a 781.68 |b MO-V |
| 100 | # | # | |a Mô-đa, V. |
| 245 | # | # | |a Hành khúc Thổ Nhĩ Kỳ / |c Mô-đa V. |
| 260 | # | # | |a Hà Nội : |b Văn hóa , |c 1981 |
| 300 | # | # | |a 6 tr.; |c 29 cm. |
| 992 | # | # | |a 54 |
| 994 | # | # | |a DLU |
| 900 | # | # | |a False |
| 911 | # | # | |a Administrator |
| 925 | # | # | |a G |
| 926 | # | # | |a A |
| 927 | # | # | |a SH |
| 980 | # | # | |a Thư viện Trường Đại học Đà Lạt |